Country by Hidden Category Quiz Stats

 Plays Quiz not verified by Sporcle

Support Sporcle.
Go Orange.
Score 0/8 Timer 08:00
0 Plays Today
% Correct
G8 Member Nations
86%
Country Name has Double Letters
36%
Established after 1992
29.8%
Contains a W
24.6%
Borders France
21.1%
Winter Olympic Host Nations
18.4%
Flags contain a Cross
14.9%
Lies on the Equator
12.3%

You're not logged in!

Compare scores with friends on all Sporcle quizzes.
OR
Log In

From the Vault

1990s Lyric Match

by fyffereddevils

The '90s were a time when it was important to play music and dress as though you'd just woken up from a nap.
Remove Ads.
Support Sporcle.
Get the best of Sporcle when you Go Orange. This ad-free experience offers more features, more stats, and more fun while also helping to support Sporcle. Thank you for becoming a member.

Show Comments

Extras

Top Quizzes Today


Score Distribution

Your Account Isn't Verified!

In order to create a playlist on Sporcle, you need to verify the email address you used during registration. Go to your Sporcle Settings to finish the process.

Report this User

Report this user for behavior that violates our Community Guidelines.

Details: